01013cam 22003011 4500001000800000005001700008008004100025035002100066906004500087010001700132040001800149043001200167050001500179082001100194100002300205245008400228250001400312260004200326300004800368504002900416651002500445650004600470650004500516651003800561650002400599991005400623099003400677405966419981201153220.2711216s1965 nyuabf b 000 0 eng  9(DLC) 65019933 a7bcbccorignewdueocipf19gy-gencatlg a 65019933  aDLCcDLCdDLC ae-uk-en00aDA142b.H300a913.361 aHawkins, Gerald S.10aStonehenge decodedc[by] Gerald S. Hawkins in collaboration with John B. White. a[1st ed.] aGarden City, N.Y.,bDoubleday,c1965. aviii, 202 p.billus., maps, plates.c24 cm. aIncludes bibliographies. 0aStonehenge (England) 0aMegalithic monumentszEnglandzWiltshire. 0aPrehistoric peopleszEnglandzWiltshire. 0aWiltshire (England)xAntiquities. 0aAstronomy, Ancient. bc-GenCollhDA142i.H3p00000882185tCopy 1wBOOKS ahawkins-stonehenge-1072279339